Представление документа в формате RUSMARC

ПолеНазваниеЗначение
  Тип записи a
  Библиографический уровень m
001 Контрольный номер RU/SLIB/B/208724885
005 Дата корректировки 20201206204001.0
010 Индекс ISBN __
d Цена 100000-00
101 Язык документа __
a Язык текста rus
200 Заглавие и сведения об ответственности 0_
a Заглавие Неразгаданный Барклай: Легенды и быль 1812 года
b Общее обозначение материала Текст
210 Выходные данные __
a Место издания М.
c Издательство Археограф. центр
d Дата издания 1996
215 Физическое описание __
a Объем 366 с.
c Иллюстрации/тип воспроизводства ил
600 Персоналии __
a Персоналии (Фамилия) Кутузов, М. И.
600 Персоналии __
a Персоналии (Фамилия) Барклай-де-Толли, М. Б.
606 Тематические рубрики __
a Основная рубрика История
z Хронологическая подрубрика 1812 г.; 19 в. нач.
y Географическая подрубрика Россия
606 Тематические рубрики __
a Основная рубрика Россия в XVIII в. - 1917 г.
610 Ключевые слова __
a Ключевые слова адмиралы; французы; Бородинское сражение; Отечественная война 1812 г.; легенды
686 Индексы других классификаций __
a Классификационный индекс 63.3(2)521
700 Автор _1
a Фамилия Тартаковский
b Имя А. Г.
4 Код отношения 070
801 Источник записи _0
a Страна RU
b Организация Муниципальное бюджетное учреждение культуры "Централизованная библиотечная система" г. Сургут (Центральная городская библиотека им. А. С. Пушкина)
g Правила каталогизации КИК/Елгина
801 Источник записи _1
a Страна RU
b Организация Муниципальное бюджетное учреждение культуры "Централизованная библиотечная система" г. Сургут (Центральная городская библиотека им. А. С. Пушкина)
g Правила каталогизации КИК/Елгина
852 Данные о местонахождении __
j Шифр хранения 63.3(2)521
c Каталожный индекс 63.3(2)521
i Авторский знак Т 21
p Инвентарный номер 65308
901 Тип документа __
t Тип документа m
990 Данные о заказе (DOS) __
j Количество экземпляров (DOS) 1